| 000 | 00631nam a22002177a 4500 | ||
|---|---|---|---|
| 003 | BUBTL | ||
| 008 | 231112b ||||| |||| 00| 0 eng d | ||
| 020 | _a9781234567897 | ||
| 041 | _aeng | ||
| 082 | _a954.92/ H2733f/ 2022 | ||
| 245 |
_aFather of the Nation Bangabandhu Sheikh Mujibur Rahman / _cSheikh Hasina |
||
| 250 | _aIst ed. | ||
| 260 |
_aDhaka; _bNational Implementation Committee, _cc2022 |
||
| 300 |
_aix, 433 p. : _bills.; _c24 cm. |
||
| 526 | _aBangabandhu | ||
| 650 | 0 |
_94372 _aBangabandhu |
|
| 700 |
_95159 _aHasina, Sheikh |
||
| 856 |
_k0 _l0 _yDownload |
||
| 942 |
_2ddc _cBK |
||
| 999 |
_c7131 _d7131 |
||